书目信息 |
| 题名: |
UNIX编程艺术
|
|
| 作者: | 理曼德 著 ;姜宏 , 何源 , 蔡晓骏 译 | |
| 分册: | ||
| 出版信息: | 北京 电子工业出版社 2012 |
|
| 页数: | 20,530页 | |
| 开本: | cm | |
| 丛书名: | 传世经典书丛 | |
| 单 册: | ||
| 中图分类: | TP316.81 | |
| 科图分类: | ||
| 主题词: | UNIX操作系统--程序设计 | |
| 电子资源: | ||
| ISBN: | 978-7-121-17665-4 | |
| 000 | 01117oam2 2200313 450 | |
| 001 | 2275401515 | |
| 005 | 20220929205705.36 | |
| 010 | @a978-7-121-17665-4@dCNY128.00 | |
| 100 | @a20120930d2012 em y0chiy50 ea | |
| 101 | 1 | @achi@ceng |
| 102 | @aCN@b110000 | |
| 105 | @aa z 000yy | |
| 200 | 1 | @aUNIX编程艺术@9UNIX bian cheng yi shu@dThe art of UNIX programming@f(美)Eric S. Raymond著@g姜宏,何源,蔡晓骏译 |
| 210 | @a北京@c电子工业出版社@d2012 | |
| 215 | @a20,530页@c图@dcm | |
| 215 | @a32,530页@c图@d24m | |
| 225 | 2 | @a传世经典书丛 |
| 305 | @a由Pearson Education培生教育出版亚洲有限公司授权出版 | |
| 330 | @a本书主要介绍了Unix系统领域中的设计和开发哲学、思想文化体系、原则与经验。内容涉及社群文化、软件开发设计与实现。 | |
| 461 | 0 | @12001 @a传世经典书丛 |
| 510 | 1 | @aArt of UNIX programming@zeng |
| 606 | 0 | @aUNIX操作系统@x程序设计 |
| 690 | @aTP316.81@v5 | |
| 701 | 0 | @c(美)@a理曼德@9li man de@c(Raymond, Eric S.)@4著 |
| 702 | 0 | @a姜宏@9jiang hong@4译 |
| 702 | 0 | @a何源@9he yuan@4译 |
| 702 | 0 | @a蔡晓骏@9cai xiao jun@4译 |
| 801 | 0 | @aCN@b91MARC@c20130904 |
| 905 | @aZUCC@dTP316.81@e124 | |
| UNIX编程艺术=The art of UNIX programming/(美)Eric S. Raymond著/姜宏,何源,蔡晓骏译.-北京:电子工业出版社,2012 |
| 20,530页:图;cm.-32,530页:图;24m.-(传世经典书丛) |
| ISBN 978-7-121-17665-4:CNY128.00 |
| 本书主要介绍了Unix系统领域中的设计和开发哲学、思想文化体系、原则与经验。内容涉及社群文化、软件开发设计与实现。 |
| ● |
| 相关链接 |
|
|
|
正题名:UNIX编程艺术
索取号:TP316.81/124
 
预约/预借
| 序号 | 登录号 | 条形码 | 馆藏地/架位号 | 状态 | 备注 |
| 1 | 2000907823 | 2000907823 | 第三书库/ [索取号:TP316.81/124] |
已借出,限还日期为2026.04.25 借出人:谷俊熙 |
|
| 2 | 2000907824 | 2000907824 | 第三书库/ [索取号:TP316.81/124] |
已借出,限还日期为2026.01.10 借出人:冯建龙 |
|
| 3 | 2000907825 | 2000907825 | 第三书库/ [索取号:TP316.81/124] | 在馆 |